Statistiques concernant Trouve les paroles - Sang pour sang - Johnny Hallyday

Cliquez ici pour prendre le quiz!

Statistiques générales

  • Ce quiz a été pris 70 fois
  • Le résultat moyen est 193 sur 243

Statistiques - réponses

Réponse% Correct
on
98%
On
98%
Pour
98%
pour
98%
se
98%
A
96%
à
96%
de
96%
De
96%
sang
96%
différences
94%
au
92%
Au
92%
est
92%
J'ai
92%
le
92%
les
92%
Les
92%
nos
92%
ressemble
91%
trouvé
91%
Au-delà
89%
en
89%
face
89%
mots
89%
pas
89%
coups
87%
La
87%
la
87%
qu'on
87%
si
87%
silences
87%
toujours
87%
Des
85%
force
85%
Maintenant
85%
me
83%
Tes
83%
tes
83%
devenu
81%
Ensemble
81%
grand
81%
par
81%
rêves
81%
Tous
81%
tous
81%
Comme
79%
d'enfants
79%
et
77%
faire
77%
bercer
75%
comment
75%
gueules
75%
jour
75%
qui
75%
Qui
75%
su
75%
tant
75%
d'échanger
74%
même
74%
Tu
74%
zéro
74%
d'amour
72%
Dis
72%
double
72%
feu
72%
deux
70%
glace
70%
pu
70%
sur
70%
un
70%
j'aurai
68%
d'onde
66%
longueur
66%
point
66%
s'apprivoise
66%
battements
64%
bon
64%
Ce
64%
futur
64%
jamais
64%
mes
64%
Mes
64%
vers
64%
coeurs
62%
entre
62%
Étaient
62%
Guider
62%
Paralysés
62%
Pris
62%
confondent
60%
détresse
60%
gestes
60%
Je
60%
lignes
60%
mains
60%
nous
60%
signaux
60%
Trouver
60%
blessures
58%
autre
57%
avenir
57%
soigner
57%
une
57%
d'un
55%
n'ai
55%
éclats
53%
promesse
53%
rire
53%
doutes
51%
miroir
51%
passe
51%
pouvaient
49%
temps
49%
vie
49%
présent
47%
plus
45%
reste
45%
renvoies
43%
comprend
42%
garde
42%
menace
42%
offense
42%
peu
42%
Peu
42%
Puisqu'on
40%
qu'une
40%
trace
40%
douleur
38%
s'efface
38%
importe
36%
d'innocent
34%

Distribution des résultats

Percentile par nombre de réponses

% des personnes avec chaque résultat

Votre développement - résultats

Vous n’avez pas pris ce quiz